Los orígenes diplomáticos del Estado checoeslovaco / (Record no. 87850)

MARC details
000 -LEADER
campo de control de longitud fija 00641nam a2200193 i 4500
001 - NÚMERO DE CONTROL
campo de control 87850
003 - IDENTIFICADOR DE NÚMERO DE CONTROL
campo de control ES-MaACL
005 - FECHA Y HORA DE LA ÚLTIMA TRANSACCIÓN
campo de control 20230906175743.0
007 - CAMPO FIJO DE DESCRIPCIÓN FÍSICA--INFORMACIÓN GENERAL
campo de control de longitud fija t|
008 - DATOS DE LONGITUD FIJA--INFORMACIÓN GENERAL
campo de control de longitud fija 041223s1930 sp ||||1| spa d
100 1# - ENTRADA PRINCIPAL--NOMBRE DE PERSONA
Nombre de persona Kybal, Vlastimil.
9 (RLIN) 69099
245 14 - MENCIÓN DEL TÍTULO
Título Los orígenes diplomáticos del Estado checoeslovaco /
Mención de responsabilidad, etc. Vlastimil Kybal ; prólogo de Rafael Altamira.
260 ## - PUBLICACIÓN, DISTRIBUCIÓN, ETC.
Lugar de publicación, distribución, etc. Madrid :
Nombre del editor, distribuidor, etc. [s.n.,
Fecha de publicación, distribución, etc. 1930?] (
Fabricante Compañía General de Artes Gráficas)
300 ## - DESCRIPCIÓN FÍSICA
Extensión 176 p. ;
Dimensiones 17 cm.
651 #4 - PUNTO DE ACCESO ADICIONAL DE MATERIA--NOMBRE GEOGRÁFICO
Nombre geográfico Checoslovaquia-
Subdivisión general Historia.
9 (RLIN) 8035
700 1# - ENTRADA AGREGADA--NOMBRE PERSONAL
Nombre de persona Altamira, Rafael,
Fechas asociadas al nombre 1866-1951
9 (RLIN) 20515
852 ## - LOCALIZACIÓN
Ubicación ES-MaACL
Número de control de estantería B-6760
Holdings
Estatus retirado Estado de pérdida Estado de daño No para préstamo Biblioteca de origen Biblioteca actual Ubicación en estantería Fecha de adquisición Fuente de adquisición Total de préstamos Signatura topográfica completa Código de barras Visto por última vez Precio de reemplazo Tipo de ítem Koha
        Biblioteca del Ateneo de Madrid Biblioteca del Ateneo de Madrid Sala Pardo Bazán 17/01/2008     B-6760 1091773 23/02/2023 23/02/2023 Libro impreso